| 000 | 01449cam a2200373 a 4500 | ||
|---|---|---|---|
| 999 |
_c129112 _d129112 |
||
| 001 | 4005035 | ||
| 003 | ARRUPE | ||
| 005 | 20190305102814.0 | ||
| 008 | 950616s1995 enka bf 001 0 eng d | ||
| 010 | _a 96137960 | ||
| 020 | _a085598273X (3 vol. set) | ||
| 020 |
_a0855982748 (pbk. : 3 vol. set) ; _c$40.17 |
||
| 035 | _a(OCoLC)32663617 | ||
| 040 |
_aDAID _cDAID _dDLC |
||
| 042 | _alccopycat | ||
| 050 | 0 | 0 |
_aHV589 _b.E23 1995 |
| 100 | 1 |
_aEade, Deborah. _944940 |
|
| 245 | 1 | 4 |
_aThe Oxfam handbook of development and relief / _cDeborah Eade and Suzanne Williams. |
| 246 | 3 | 0 | _aResources directory for development and relief NGOs |
| 260 |
_aOxford, UK : _bOxfam, _cc1995. |
||
| 300 |
_a3 v. in 2 : _bill. ; _c25 cm. |
||
| 500 | _aVol. 3 has subtitle: Resources directory for development and relief NGOs. | ||
| 500 | _aVol. 3 also issued separately. | ||
| 504 | _aIncludes bibliographical references and indexes. | ||
| 610 | 2 | 0 |
_aOxfam _xHandbooks, manuals, etc. _944941 |
| 650 | 0 |
_aInternational relief _xHandbooks, manuals, etc. _944942 |
|
| 650 | 0 |
_aDisaster relief _xHandbooks, manuals, etc. _944943 |
|
| 650 | 0 |
_aRural development _xHandbooks, manuals, etc. _944944 |
|
| 700 | 1 |
_aWilliams, Suzanne _c(Social anthropologist) _944945 |
|
| 710 | 2 |
_aOxfam. _944946 |
|
| 906 |
_a7 _bcbc _ccopycat _d3 _encip _f19 _gy-gencatlg |
||
| 942 |
_2lcc _cMONOGRAPH |
||